Score 0/26 Timer 06:00
3 Plays Today
% Correct
Attack Of The Killer Tomatoes
85%
The Englishman Who Went Up A Hill But Came Down A Mountain
78.9%
Mega Shark vs Giant Octopus
78%
The Adventures Of Buckaroo Banzai Across The 8th Dimension
73.3%
Vampire Vixens From Venus
73%
Night Of The Day Of The Dawn Of The Son Of The Bride of the Return of the Revenge Of The Terror Of The Attack Of The Evil Mutant Hellbound Flesh Eating Crawling Alien Zombified Subhumanoid Living Dead, Part 5
71.5%
Santa Claus Conquers The Martians
70.9%
Billy The Kid vs Dracula
70.2%
Surf Nazis Must Die
69.1%
Hollywood Chainsaw Hookers
69%
Bride Of The Gorilla
63.6%
Jesse James Meets Frankenstein's Daughter
63.3%
The Ghost In The Invisible Bikini
62.2%
% Correct
Sorority Babes In The Slimeball Bowl-o-rama
60.8%
Dr Goldfoot And The Bikini Machine
59.6%
Revenge Of The Middle-Aged Woman
59.6%
The Incredibly Strange Creatures Who Stopped Living And Became Mixed-Up Zombies!!?
59.6%
The Man Who Loved Cat Dancing
59.5%
Sssssss
55.8%
Can Hieronymus Merkin Ever Forget Mercy Humppe and Find True Happiness?
55.2%
Hitler Meets Christ
53.3%
Bela Lugosi Meets A Brooklyn Gorilla
47.7%
Phffft
47.5%
The Asian Turtle Crisis
44.8%
Rat Pfink a Boo Boo
40.2%
Fat Guy Goes Nutzoid
39.4%
Remove Ads.
Support Sporcle.
Get the best of Sporcle when you Go Orange. This ad-free experience offers more features, more stats, and more fun while also helping to support Sporcle. Thank you for becoming a member.

You're not logged in!

Compare scores with friends on all Sporcle quizzes.
OR
Log In

Show Comments

Extras

Top Quizzes Today


Score Distribution

Your Account Isn't Verified!

In order to create a playlist on Sporcle, you need to verify the email address you used during registration. Go to your Sporcle Settings to finish the process.

Report this User

Report this user for behavior that violates our Community Guidelines.

Details: